000 00985nam a2200289 a 4500
001 BRCA_6446
005 20190320205446.0
008 150110s1908----gw-a######---#000-0#ger-#
041 _ager
044 _agw
050 4 _aND653.R4
_b.R46 1 1908
245 1 0 _aRembrandt
_bdes Meisters Gemälde
_cmit einer biographischen einleitung von Adolf Rosenberg ; heraugegeben von W. R. Valentiner.
250 _a3
260 _aStuttgart, Alemania
_bDeutsche Verlags-Anstalt
_c1908
300 _axliii, 607 p.
_bil., 543 láminas
_c26 cm.
440 0 _aKlassiker der Kunst in gesamtausgaben
_v2
_916099
500 _aIncluye índice cronológico de las pinturas
500 _aVer también M48
500 _aM47
600 1 4 _aRembrandt Harmenszoon van Rijn
_d1607-1669
_97357
650 1 4 _aPintores holandeses
_916100
650 1 4 _aPinturas holandesas
_913737
700 1 _aRosenberg, Adolf
_913616
700 1 _aValentiner, Wilheim R.
_eEditor
_916101
902 _aGFM
942 _2lcc
_cB
999 _c6130
_d6130